000 00276nam a2200109Ia 4500
008 230320s9999||||xx |||||||||||||| ||spa||
082 _a193/S31
100 _aSchelling
245 0 _aLa Relacion De Las Artes Figurativas Con La Naturaleza
260 _bAguilar
942 _80
_cLIB
999 _c26361
_d26361